Statistics for Susan Sarandon Filmography

Click here to take the quiz!

General Stats

  • This quiz has been taken 92 times
    (11 since last reset)
  • The average score is 29 of 280

Answer Stats

TypeYearName% Correct
Film1991Thelma & Louise
90%
Film1995Dead Man Walking
70%
Film2007Enchanted
60%
TV Show2001Friends
60%
Film1975The Rocky Horror Picture Show
60%
TV Show1992, 2009, 2011Saturday Night Live
50%
Film1994The Client
50%
TV Show1995, 2006The Simpsons
50%
Commercial2003WE Network
50%
Film1980Atlantic City
40%
TV Mini-Series2017Feud
40%
Film1994Little Women
40%
Film1992Lorenzo's Oil
40%
Film1998Stepmom
40%
Film2017A Bad Moms Christmas
30%
Film1988Bull Durham
30%
Film2023Maybe I Do
30%
Film1978Pretty Baby
30%
Film2004Shall We Dance?
30%
Film2014Tammy
30%
Film2015The Meddler
30%
Film1992The Player
30%
Film1987The Witches of Eastwick
30%
Film1990White Palace
30%
Film2004Alfie
20%
Film1999Anywhere but Here
20%
TV Film2006Bernard and Doris
20%
Film1992Bob Roberts
20%
Film2005Elizabethtown
20%
TV Show2009ER
20%
TV Show1972, 1974Great Performances
20%
Film2002Igby Goes Down
20%
Film2007In the Valley of Elah
20%
Film1996James and the Giant Peach
20%
Film2011Jeff, Who Lives at Home
20%
Film1978King of the Gypsies
20%
Film2002Moonlight Mile
20%
Film2016Mothers and Daughters
20%
Film2007Mr. Woodcock
20%
Film2004Noel
20%
TV Show2017-2019Ray Donovan
20%
TV Show2006-2007Rescue Me
20%
TV Show2017, 2020, 2022Rick and Morty
20%
Film2005Romance & Cigarettes
20%
Film2000Rugrats in Paris: The Movie
20%
Film2002The Banger Sisters
20%
TV Film2005The Exonerated
20%
Film1974The Front Page
20%
Film2009The Lovely Bones
20%
Commercial2013-2016Tylenol
20%
Film2010Wall Street: Money Never Sleeps
20%
TV Show2011, 201230 Rock
10%
Film20153 Generations
10%
Music Video20113-Way (the Golden Rule)
10%
Theater200242nd and Vine: Hollywood Hits Broadway
10%
Film2016Ace the Case
10%
Theater1980-1981A Couple White Chicks Sitting Around Talking
10%
TV Mini-Series1985A.D.
10%
Film1989A Dry White Season
10%
TV Show2016American Dad!
10%
Documentary Series1995, 1999American Experience
10%
TV Show1982American Playhouse
10%
Theater1972An Evening with Richard Nixon and...
10%
Film2016April and the Extraordinary World
10%
Film2012Arbitrage
10%
TV Show1970-1971A World Apart
10%
Film2019Blackbird
10%
Film2023Blue Beetle
10%
TV Show1973Calucci's Department
10%
TV Pilot2016Cassius and Clay
10%
Film2001Cats & Dogs
10%
Film1977Checkered Flag or Crash
10%
Film2012Cloud Atlas
10%
Film1985Compromising Positions
10%
Film1999Cradle Will Rock
10%
Music Video2020Dance
10%
Video Game2012Dishonored
10%
TV Show2013Doll & Em
10%
TV Film1999Earthly Possessions
10%
Film2007Emotional Arithmetic
10%
Theater2009Exit the King
10%
Theater1982-1983Extremities
10%
TV Show1984Faerie Tale Theatre
10%
Film2020Fearless
10%
Music Video2011Fight for Your Right Revisited
10%
Music Video2016Fire
10%
Film2022Forty Winks
10%
TV Mini-Series2003Frank Herbert's Children of Dune
10%
Documentary Series2003Freedom: A History of US
10%
TV Film1974F. Scott Fitzgerald and 'The Last of the Belles'
10%
Short Film2001Goodnight Moon
10%
Theater2019Happy Talk
10%
Film2015Hell and Back
10%
TV Film2003Ice Bound: A Woman's Survival at the South Pole
10%
Film1998Illuminata
10%
Film2006Irresistible
10%
Film2004Jiminy Glick in Lalawood
10%
Film1970Joe
10%
Film2000Joe Gould's Secret
10%
Radio Documentary2010John Lennon: The New York Years
10%
Film2021Jolt
10%
Short Film2021La Danse
10%
Film1971Lady Liberty
10%
Short Documentary2010La Mama: An American Nun's Life in a Mexican Prison
10%
Commercial2005Lean Cuisine
10%
Film2009Leaves of Grass
10%
Music Video2017Legacy
10%
Film1992Light Sleeper
10%
Short Film2002Little Miss Spider
10%
Commercial2016L'Oréal
10%
Short Film2019Love
10%
Film1980Loving Couples
10%
Film1974Lovin' Molly
10%
TV Show2000, 2001, 2002, 2005, 2007MADtv
10%
Commercial1971Magic Lady Panty Hose
10%
TV Show2002Malcolm in the Middle
10%
Podcast2022-2023Marvel's Wastelanders
10%
Podcast2022Marvel Wastelanders: Black Widow
10%
Film2008Middle of Nowhere
10%
TV Show2013, 2014Mike & Molly
10%
TV Show2022Monarch
10%
Music Video2009Motherlover
10%
TV Mini-Series1985Mussolini and I
10%
Film2016My Entire High School Sinking Into the Sea
10%
Web Series2017-2018Neo Yokio
10%
Short Film2009One Million Strong
10%
Film1976One Summer Love
10%
Film1999Our Friend, Martin
10%
TV Show1971Owen Marshall, Counselor at Law
10%
TV Show1984Oxbridge Blues
10%
Film2010Peacock
10%
Film2014Ping Pong Summer
10%
TV Film2021Red Bird Lane
10%
Film2021Ride the Eagle
10%
TV Show2019Robot Chicken
10%
Film2012Robot & Frank
10%
Short Film2019Roger Vivier's Jewels to Shoes
10%
Film1994Safe Passage
10%
Short Documentary1994School of the Americas Assassins
10%
TV Show1972Search for Tomorrow
10%
Web Series2021Search Party
10%
FilmTBASix Triple Eight
10%
Web Series2016-2017Skylanders Academy
10%
Short FilmTBASlipping Away
10%
Film2013Snitch
10%
Film2009Solitary Man
10%
Film1979Something Short of Paradise
10%
Short Film2005Sonnet 22
10%
Film2016Spark
10%
Film2008Speed Racer
10%
Commercial2006Stouffer's
10%
Film1988Sweet Hearts Dance
10%
Film1982Tempest
10%
Film2012That's My Boy
10%
Film1971The Apprentice
10%
TV Show2012The Big C
10%
Film2013The Big Wedding
10%
Film1984The Buddy System
10%
Film2014The Calling
10%
Film2012The Company You Keep
10%
Short Film2015The Crossing
10%
Film2018The Death and Life of John F. Donovan
10%
FilmTBAThe Fabulous Four
10%
Film2009The Greatest
10%
Film1977The Great Smokey Roadblock
10%
Film1975The Great Waldo Pepper
10%
Theater2002The Guys
10%
Film1983The Hunger
10%
Film1989The January Man
10%
Film2019The Jesus Rolls
10%
Film2013The Last of Robin Hood
10%
TV Mini-Series1974The Lives of Benjamin Franklin
10%
TV Film2011The Miraculous Year
10%
Film1977The Other Side of Midnight
10%
TV Mini-Series2015The Secret Life of Marilyn Monroe
10%
TV Show1973, 1974The Wide World of Mystery
10%
FilmTBATunnels
10%
Film1998Twilight
10%
Film2019VHYes
10%
Film2018Viper Club
10%
TV Film1986Women of Valor
10%
Commercial2002YMCA
10%
TV Film2010You Don't Know Jack
10%
Film2016Zoolander 2
10%
TV Documentary1999100 Greatest Women of Rock & Roll
0%
Documentary1997187: Documented
0%
Documentary2001900 Women
0%
Short Documentary2011After the Harvest: Fighting Hunger in the Coffeelands
0%
TV Special1994All Star 25th Birthday: Stars and Street Forever!
0%
Documentary2018American Mirror - Intimations of Immortality
0%
Short Documentary2005An Empty Place at the Table
0%
Documentary2011A Question of Habit
0%
TV Show2019At Home with Amy Sedaris
0%
Documentary2005A Whale in Montana
0%
Documentary2008Beyond Wiseguys: Italian Americans & the Movies
0%
TV Documentary2000Broken Child
0%
Documentary2003Burma: Anatomy of Terror
0%
TV Show2006Chappelle's Show
0%
TV Documentary2006Christa McAuliffe: Reach for the Stars
0%
Documentary Series2007Coming Home
0%
Documentary Series2015Connected
0%
Documentary Mini-Series2001Cool Women in History
0%
Podcast2021Dark Air with Terry Carnation
0%
Documentary Series2014-2018Death Row Stories
0%
TV Show2015Dr. Phil
0%
Documentary1996Father Roy: Inside the School of the Assassins
0%
TV Documentary2010For Love of Liberty: The Story of America's Black Patriots
0%
Documentary1998For the Love of Julian
0%
Short Documentary2004Fragile Hopes from the Killing Fields
0%
TV Documentary1999Fresco: The Ancient Art of Comes Alive
0%
TV Show1981Fridays
0%
Documentary2001Ghosts of Attica
0%
TV Short1999Goodnight Moon & Other Sleepytime Tales
0%
Documentary2012Greenwich Village: Music That Defined a Generation
0%
Commercial2013Heifer International
0%
TV Show2005Hi-Jinks
0%
Documentary2006Home
0%
Documentary2000Iditarod: A Far Distant Place
0%
Documentary2013Irwin & Fran
0%
Short TV Documentary2001Islamabad: Rock City
0%
Documentary2004Journey of the Heart: Henri Nouwen
0%
Documentary2008Letter to Anna
0%
Documentary2000Light Keeps Me Company
0%
TV Show2012Louie
0%
TV Show2015Moonbeam City
0%
Documentary Series1985-1987Mythos
0%
Documentary Series1993National Geographic Specials
0%
Documentary Mini-Series2001New York: A Documentary Film
0%
Documentary2012Nothing Like Chocolate
0%
Documentary Series2000NOVA
0%
Documentary Series1992Omnibus
0%
Documentary2005On the Line: Dissent in an Age of Terrorism
0%
Documentary2009PoliWood
0%
TV Special1995Premio Donostia a Susan Sarandon
0%
Commercial2002Project Liberty
0%
TV Show2013Project Runway
0%
Documentary2007Prometheus Bound: The Epidemic of Hepatitis C
0%
TV Show2000Reading Rainbow
0%
Short TV Documentary2000Reel Models: The First Women of Film
0%
TV Documentary2020Revolution of the Heart: The Dorothy Day Story
0%
Documentary2001Rudyland
0%
Documentary2016Saving Jamaica Bay
0%
Documentary Series2014Saving My Tomorrow
0%
Documentary2006Secrets of the Code
0%
Short Documentary2010See Me
0%
TV Show1989-1991Sesame Street
0%
TV Documentary2006Stardust: The Bette Davis Story
0%
Documentary2018Survivors Guide to Prison
0%
Documentary1996Tell the Truth and Run: George Seldes and the American Press
0%
Documentary Mini-Series2014The '90s: The Last Great Decade?
0%
Documentary1995The Celluloid Closet
0%
TV Show1977The Merv Griffin Show
0%
TV Show1977, 1978, 1979The Mike Douglas Show
0%
Documentary1989The Money Folk
0%
Documentary2003The Nazi Officer's Wife
0%
Documentary1997The Need to Know
0%
Documentary2002The Next Industrial Revolution
0%
Film2015The Other Side of the Lake the Purple Girl: Episode IV-The New Visitor
0%
Documentary2001The Party's Over
0%
TV Film1974The Satan Murders
0%
Documentary Series1999The Secret Life of Geisha
0%
Documentary2001The Shaman's Apprentice
0%
Documentary2008This Child of Mine
0%
Documentary2000This Is What Democracy Looks Like
0%
Documentary1990Through the Wire
0%
TV Show1999Thursday Night with Oscar!
0%
Documentary2002Tibet: Cry of the Snow Lion
0%
Documentary2013Trailblazers in Habits
0%
TV Documentary2004Troy: The Passion of Helen
0%
Documentary2015Unity
0%
Documentary2001Uphill All the Way
0%
Documentary2017Up To This
0%
Theater1998V-Day
0%
TV Documentary1998Walk This Way
0%
Documentary1983When the Mountains Tremble
0%
Documentary Series2010Who Do You Think You Are?
0%
Documentary1993Wilderness: The Last Stand
0%
TV Show2000WWE Smackdown!
0%
TV Show2000WWE Sunday Night Heat
0%
Documentary Series2003XXI Century
0%

Score Distribution

Percentile by Number Answered

Percent of People with Each Score

Your Score History

You have not taken this quiz since the last reset